Reparando TV Plasma y LCD. Fundamentos, ajustes y soluciones

Bibliographic Details
Main Author: Amalfa, Salvador
Format: Section = Libro
Language:Undetermined
Spanish
Published: Buenos Aires Hispano-Americana 2006
Subjects:
LEADER 00565nam a2200193Ia 4500
008 240830s9999 xx 000 0 und d
020 |a 978-950-528-263-0 
040 |a B-ESTELÍ- RUACS / 621.38887 A482 
041 |a spa 
082 |a 621.38887 A482 
100 1 |a Amalfa, Salvador 
245 1 0 |a Reparando TV Plasma y LCD. Fundamentos, ajustes y soluciones 
260 |a Buenos Aires  |b Hispano-Americana  |c 2006 
300 |a 320 p.: il. 
650 7 |a TELEVISION PLASMA-REPARACION 
650 7 |b  TELEVISION LCD-REPARACION I 
942 |c BK  |2 ddc 
991 |a TEXTO 
999 |c 11212